La nuit sera calme /

Saved in:
Bibliographic Details
Main Author: Gary, Romain
Other Authors: Bondy, François, 1915-
Format: Book
Language:French
Published: [Paris] Gallimard [1974]
Series:L'Air du temps
Subjects:
LEADER 00943nam a2200277 4500
001 c000318725
003 CARM
005 00000000000000.0
008 741216s1974 fr 00000 fre
015 |a F*** 
019 1 |a 350668  |z 43295032  |5 LACONCORD2021 
035 |a (OCoLC)214971728  |5 LACONCORD2021 
040 |d NUN 
050 0 0 |a PQ2613.A58  |b Z525 
100 1 |a Gary, Romain. 
245 1 3 |a La nuit sera calme /  |c Romain Gary. 
260 |a [Paris]  |b Gallimard  |c [1974] 
300 |a 259 p.  |c 22 cm. 
490 0 |a L'Air du temps 
500 |a "L'interlocuteur de Romain Gary est François Bondy." 
600 1 0 |a Gary, Romain,  |d 1914-1980. 
700 1 |a Bondy, François,  |d 1915- 
852 8 |b CARM  |h A1:AL24F0  |i B10059  |p 0447449  |f BK 
082 0 4 |a 843/.9/14  |a B 
999 f f |i 56792939-fe2c-5662-97b9-09d4b4bc7b60  |s c121849c-365e-520a-8383-22ae6c093e22 
952 f f |p Can circulate  |a CAVAL  |b CAVAL  |c CAVAL  |d CARM 1 Store  |e B10059  |f A1:AL24F0  |h Other scheme  |i book  |m 0447449